Using A High-Temperature Flue Gases in the Technology of Combustion Neutralization of Wastewater; MATEC Web of Conferences; Vol. 72 : Heat and Mass Transfer in the System of Thermal Modes of Energy – Technical and Technological Equipment (HMTTSC-2016)

Bibliographic Details
Parent link:MATEC Web of Conferences
Vol. 72 : Heat and Mass Transfer in the System of Thermal Modes of Energy – Technical and Technological Equipment (HMTTSC-2016).— 2016.— [01127, 3 p.]
Corporate Authors: Национальный исследовательский Томский политехнический университет (ТПУ) Энергетический институт (ЭНИН) Кафедра автоматизации теплоэнергетических процессов (АТП), Национальный исследовательский Томский политехнический университет (ТПУ) Институт неразрушающего контроля (ИНК) Кафедра экологии и безопасности жизнедеятельности (ЭБЖ)
Other Authors: Vysokomornaya O. V. Olga Valeryevna, Tsygankova Yu. S. Yuliya Sergeevna, Aykina N. N. Natalya, Ushmaev D. V. Denis
Summary:Title screen
This paper provides an analysis of composition of typical polluting contaminants of industrial wastewater. The study suggest industry branches, wastewater of which contains the greatest amount of organic flammable substanses (petroleum и oil). The present study was conducted to analyze an opportunity to replace fuel torch by the high-temperature flow of flue gases in the realization thermal treatment method (combustion neutralization).
Language:English
Published: 2016
Subjects:
Online Access:http://dx.doi.org/10.1051/matecconf/20167201127
http://earchive.tpu.ru/handle/11683/33498
Format: Electronic Book Chapter
KOHA link:https://koha.lib.tpu.ru/cgi-bin/koha/opac-detail.pl?biblionumber=649995

MARC

LEADER 00000nla2a2200000 4500
001 649995
005 20240205103551.0
035 |a (RuTPU)RU\TPU\network\15165 
035 |a RU\TPU\network\15163 
090 |a 649995 
100 |a 20160902a2016 k y0engy50 ba 
101 0 |a eng 
105 |a y z 100zy 
135 |a drgn ---uucaa 
181 0 |a i  
182 0 |a b 
200 1 |a Using A High-Temperature Flue Gases in the Technology of Combustion Neutralization of Wastewater  |f O. V. Vysokomornaya [et al.] 
203 |a Text  |c electronic 
300 |a Title screen 
320 |a [References: 10 tit.] 
330 |a This paper provides an analysis of composition of typical polluting contaminants of industrial wastewater. The study suggest industry branches, wastewater of which contains the greatest amount of organic flammable substanses (petroleum и oil). The present study was conducted to analyze an opportunity to replace fuel torch by the high-temperature flow of flue gases in the realization thermal treatment method (combustion neutralization). 
461 0 |0 (RuTPU)RU\TPU\network\4526  |t MATEC Web of Conferences 
463 0 |0 (RuTPU)RU\TPU\network\14977  |t Vol. 72 : Heat and Mass Transfer in the System of Thermal Modes of Energy – Technical and Technological Equipment (HMTTSC-2016)  |o April 19-21, 2016, Tomsk, Russia  |o [proceedings]  |f National Research Tomsk Polytechnic University (TPU) ; eds. G. V. Kuznetsov [et al.]  |v [01127, 3 p.]  |d 2016 
610 1 |a электронный ресурс 
610 1 |a труды учёных ТПУ 
610 1 |a топочные газы 
610 1 |a сжигание 
610 1 |a сточные воды 
610 1 |a загрязняющие вещества 
610 1 |a горючие вещества 
610 1 |a нефти 
610 1 |a нефтепродукты 
701 1 |a Vysokomornaya  |b O. V.  |c physicist  |c Associate Professor of Tomsk Polytechnic University, Candidate of Physical and Mathematical Sciences  |f 1984-  |g Olga Valeryevna  |3 (RuTPU)RU\TPU\pers\33928  |9 17501 
701 1 |a Tsygankova  |b Yu. S.  |c Specialist in the field of thermal engineering  |c Senior Lecturer of Tomsk Polytechnic University  |f 1987-  |g Yuliya Sergeevna  |3 (RuTPU)RU\TPU\pers\34180  |9 17714 
701 1 |a Aykina  |b N. N.  |g Natalya 
701 1 |a Ushmaev  |b D. V.  |g Denis 
712 0 2 |a Национальный исследовательский Томский политехнический университет (ТПУ)  |b Энергетический институт (ЭНИН)  |b Кафедра автоматизации теплоэнергетических процессов (АТП)  |3 (RuTPU)RU\TPU\col\18678 
712 0 2 |a Национальный исследовательский Томский политехнический университет (ТПУ)  |b Институт неразрушающего контроля (ИНК)  |b Кафедра экологии и безопасности жизнедеятельности (ЭБЖ)  |3 (RuTPU)RU\TPU\col\18720 
801 2 |a RU  |b 63413507  |c 20170120  |g RCR 
856 4 |u http://dx.doi.org/10.1051/matecconf/20167201127 
856 4 |u http://earchive.tpu.ru/handle/11683/33498 
942 |c CF